000 01449nam a2200349 a 4500
001 ebr10488482
003 CaPaEBR
006 m u
007 cr cn|||||||||
008 800513s1979 ne sb 001 0 eng d
010 _z 80474996
020 _z902723003X
020 _z9789027230034
020 _z9789027283207 (e-book)
040 _aCaPaEBR
_cCaPaEBR
035 _a(OCoLC)746874243
050 1 4 _aP281
_b.L6 1979eb
100 1 _aLloyd, Albert L.,
_d1930-
245 1 0 _aAnatomy of the verb
_h[electronic resource] :
_bthe Gothic verb as a model for a unified theory of aspect, actional types, and verbal velocity /
_cAlbert L. Lloyd.
260 _aAmsterdam :
_bJ. Benjamins,
_c1979.
300 _ax, 351 p.
490 1 _aStudies in language companion series : SLCS,
_x0165-7763 ;
_vv. 4
504 _aIncludes bibliographical references and index.
533 _aElectronic reproduction.
_bPalo Alto, Calif. :
_cebrary,
_d2013.
_nAvailable via World Wide Web.
_nAccess may be limited to ebrary affiliated libraries.
650 0 _aGrammar, Comparative and general
_xVerb.
650 0 _aGothic language
_xVerb.
650 0 _aIndo-European languages
_xVerb.
655 7 _aElectronic books.
_2local
710 2 _aebrary, Inc.
830 0 _aStudies in language companion series ;
_vv. 4.
856 4 0 _uhttp://site.ebrary.com/lib/rucke/Doc?id=10488482
_zAn electronic book accessible through the World Wide Web; click to view
999 _c225858
_d225858